| 000 | 006070000a22001810004500 | ||
|---|---|---|---|
| 003 | MACL | ||
| 005 | 20160330155044.0 | ||
| 008 | 160330b xxu||||| |||| 00| 0 eng d | ||
| 040 |
_aMACL _cMACL |
||
| 041 | _aHindi | ||
| 082 | _a300 | ||
| 100 |
_aमोहनदास नैमिशराय _949019 |
||
| 245 | _aडॉ अम्बेडकर और मार्टिन लूथर किंग का जीवन संघर्ष | ||
| 260 |
_aदिल्ली _bनीलकंठ प्रकाशन _c2011 |
||
| 350 | _a250 | ||
| 650 |
_aBiography _949020 |
||
| 942 |
_cHIN _k300 _2ddc |
||
| 999 |
_c48376 _d48376 |
||